000 004480000a22001810004500
003 MACL
005 20150707120624.0
008 150707b xxu||||| |||| 00| 0 eng d
040 _aMACL
_cMACL
041 _aEnglish
082 _a307
100 _aSenart, Emile
_91048
245 _aCaste In India
_bThe Facts And The System
260 _bEss Ess Publications
_c1978
_aNew Delhi
350 _a50
650 _aSociology
_919
942 _cBK
_k307
_2ddc
999 _c6981
_d6981